000 00629nam a22002057a 4500
003 OSt
005 20160614173953.0
008 160614b xxu||||| |||| 00| 0 eng d
020 _a9-77858005-7 (pbk.)
040 _cLIC
082 _22001
_aDFil 001.42
_bAr2b
100 _910230
_aArdales, Venancio B.
245 _aBasic concepts and methods in research/
_cVenancio B. Ardales.
250 _a2nd ed.
260 _aIloilo City :
_bCONCERNS, Inc.,
_cc2001.
300 _aii, 288 pages ;
_c22 cm.
500 _aIncludes bibliographical references and index.
650 0 _910231
_aResearch
_xMethodology.
942 _2ddc
_cDFIL
999 _c3065
_d3065